000 00555nam a2200205 i 4500
001 38888
003 ES-MaACL
005 20230906155837.0
007 t|
008 030226s1954 sp ||||1| spa d
100 1 _aCalvo, Isabel.
_933843
245 1 3 _aLa danzarina inmóvil /
_cIsabel Calvo de Aguilar.
250 _a[1ª ed.].
260 _aMadrid :
_bRumbos,
_c[1954] (
_fJura)
300 _a236 p. ;
_c19 cm.
490 1 _aJupiter y Danae
830 0 _aJupiter y Danae
_9184273
852 _aES-MaACL
_jC-10511
_bR.36508
999 _c38888
_d38888